| 000 | 00665nam a22002057a 4500 | ||
|---|---|---|---|
| 003 | LK-CoMWRAF | ||
| 005 | 20231022151943.0 | ||
| 008 | 231022b |||||||| |||| 00| 0 eng d | ||
| 040 |
_aLK-CoMWRAF _dLK-CoMWRAF _eLK-CoMWRAF |
||
| 041 | _aeng | ||
| 082 |
_a909.092 _bHOD |
||
| 100 | _aHodgson, Marshall G.S. | ||
| 245 |
_aThe Venture of Islam : _bConscience and history in a world civilisation |
||
| 300 |
_aChicago : _bUniversity of chicago press, _c1974 |
||
| 490 | _a3 v. (xii,532p;vii,609p;vi,469p) : ill., maps ; 24 cm. | ||
| 650 | _aCivilization, Islamic | ||
| 650 | _aIslamic Empire -- History | ||
| 650 | _aMiddle East -- History -- 1517 | ||
| 942 | _cBK | ||
| 999 |
_c3982 _d3982 |
||